[Event "London Classic op U2050-A 11th"]
[Site "London"]
[Date "2019.11.30"]
[Round "2"]
[White "Cowan, Xavier"]
[Black "Zheng, Jerry Z"]
[Result "0-1"]
[WhiteElo "1740"]
[BlackElo "1558"]
[PlyCount "98"]
[EventDate "2019.11.29"]
[EventType "swiss"]
[EventRounds "5"]
[EventCountry "ENG"]
[SourceTitle "CBM 195 Extra"]
[Source "ChessBase"]
[SourceDate "2020.05.31"]
[SourceVersion "1"]
[SourceVersionDate "2020.05.31"]
[SourceQuality "1"]

1. d4 Nf6 2. c4 e6 3. Nc3 Bb4 4. e3 0-0 5. Bd3 b6 6. Nge2 Bb7 7. 0-0 c5 8. dxc5 Bxc5 9. a3 d5 10. b4 Be7 11. cxd5 Nxd5 12. Nxd5 Qxd5 13. e4 Qd6 14. Bb2 Nd7 15. Nc3 Ne5 16. Be2 Rac8 17. Qxd6 Bxd6 18. Rfd1 Rfd8 19. Nb5 Bb8 20. Nxa7 Bxa7 21. Bxe5 Bxe4 22. a4 f6 23. Bd4 Bc2 24. Rd2 b5 25. Bxa7 Rxd2 26. Bxb5 Ra8 27. Bc5 Bxa4 28. f3 Rd1+ 29. Rxd1 Bxd1 30. Bc6 Ra2 31. b5 Ba4 32. Bd7 Kf7 33. Bc6 Bxb5 34. Be4 g6 35. f4 Ra4 36. Bf3 Rxf4 37. Be3 Ra4 38. g3 Ra3 39. Kf2 Ra2+ 40. Kg1 Bc4 41. Bg2 Bd5 42. Bf1 e5 43. Bc5 f5 44. Be3 Kf6 45. h4 Ra4 46. Bg5+ Kg7 47. Be7 h6 48. Kh2 Ra1 49. Bg2 Ra2 0-1

[Event "London Classic op U2050-A 11th"]
[Site "London"]
[Date "2019.11.30"]
[Round "3"]
[White "Zheng, Jerry Z"]
[Black "Zhu, Yaoyao"]
[Result "0-1"]
[WhiteElo "1558"]
[BlackElo "1901"]
[PlyCount "126"]
[EventDate "2019.11.29"]
[EventType "swiss"]
[EventRounds "5"]
[EventCountry "ENG"]
[SourceTitle "CBM 195 Extra"]
[Source "ChessBase"]
[SourceDate "2020.05.31"]
[SourceVersion "1"]
[SourceVersionDate "2020.05.31"]
[SourceQuality "1"]

1. e4 e5 2. Nf3 Nc6 3. Bc4 Nf6 4. d3 Be7 5. 0-0 d6 6. c3 0-0 7. Bb3 Kh8 8. Nbd2 Ng8 9. Re1 f5 10. exf5 Bxf5 11. Ne4 Bg4 12. Ned2 Nf6 13. h3 Bh5 14. Nf1 Nd7 15. N1h2 Nc5 16. Bc2 Ne6 17. d4 Nf4 18. dxe5 Nxe5 19. Bxf4 Rxf4 20. Qd2 Nxf3+ 21. Nxf3 Rf8 22. Qd3 Bg6 23. Qe2 Bxc2 24. Qxc2 Bf6 25. Re6 Qd7 26. Rae1 Rae8 27. Qe4 Rxe6 28. Qxe6 Qxe6 29. Rxe6 Kg8 30. Kf1 Kf7 31. Re3 Re8 32. Ke2 Rxe3+ 33. Kxe3 d5 34. Nd4 a6 35. f3 c5 36. Nf5 Ke6 37. g4 g6 38. Ng3 d4+ 39. cxd4 Bxd4+ 40. Kd3 Bxb2 41. Ne4 Kd5 42. Nc3+ Bxc3 43. Kxc3 b5 44. h4 a5 45. g5 b4+ 46. Kb3 c4+ 47. Kc2 a4 48. Kb2 Ke5 49. a3 bxa3+ 50. Kxa3 c3 51. Ka2 Kf4 52. Kb1 Kxf3 53. h5 gxh5 54. Kc2 h4 55. Kxc3 h3 56. Kb4 h2 57. Kxa4 h1Q 58. Kb3 Qc1 59. Ka2 Qc3 60. Kb1 Ke2 61. Ka2 Kd1 62. g6 Kc1 63. gxh7 Qb2# 0-1

[Event "Helsingor Xtracon op"]
[Site "Helsingor"]
[Date "2019.07.28"]
[Round "10"]
[White "Zheng, Jerry Z"]
[Black "Wahlgreen, Noah Krug"]
[Result "0-1"]
[WhiteElo "1553"]
[BlackElo "1743"]
[PlyCount "120"]
[EventDate "2019.07.20"]
[EventType "swiss"]
[EventRounds "10"]
[EventCountry "DEN"]
[SourceTitle "CBM 191 Extra"]
[Source "ChessBase"]
[SourceDate "2019.09.30"]
[SourceVersion "1"]
[SourceVersionDate "2019.09.30"]
[SourceQuality "1"]

1. e4 c6 2. d4 d5 3. e5 Bf5 4. h4 h5 5. Bd3 Bxd3 6. Qxd3 e6 7. Bg5 Be7 8. Nf3 Qb6 9. Nbd2 c5 10. c4 cxd4 11. Nxd4 Bc5 12. Nb5 a6 13. Nc3 Bxf2+ 14. Kf1 Nc6 15. cxd5 Nxe5 16. Qe2 Ng4 17. Nc4 Qc7 18. dxe6 f6 19. Bd2 Ne7 20. Ne4 Rd8 21. Nxf2 Nf5 22. Ne4 Rd4 23. Ncd6+ Nxd6 24. Bf4 Ne5 25. Rc1 Qe7 26. Nxd6+ Rxd6 27. Rc8+ Rd8 28. Rxd8+ Qxd8 29. Bxe5 fxe5 30. Rh3 Qf6+ 31. Ke1 0-0 32. Qc4 Qf2+ 33. Kd1 Qg1+ 34. Kd2 Qxg2+ 35. Ke1 Qf2+ 36. Kd1 Qf1+ 37. Qxf1 Rxf1+ 38. Ke2 Rf6 39. Ke3 Rxe6 40. Ke4 Kf7 41. Rf3+ Kg6 42. Rf5 Rb6 43. Rg5+ Kh6 44. Kxe5 Rxb2 45. a3 Rb5+ 46. Kf4 Rxg5 47. hxg5+ Kg6 48. a4 a5 49. Ke5 Kxg5 50. Kd5 h4 51. Kc5 h3 52. Kb5 h2 53. Kxa5 h1Q 54. Kb6 Qa1 55. a5 Kf4 56. Kxb7 Qxa5 57. Kc6 Ke5 58. Kb7 Kd6 59. Kb8 Kc6 60. Kc8 Qc7# 0-1

[Event "Helsingor Xtracon op"]
[Site "Helsingor"]
[Date "2019.07.27"]
[Round "9"]
[White "Lye, Sverre"]
[Black "Zheng, Jerry Z"]
[Result "1-0"]
[WhiteElo "1839"]
[BlackElo "1553"]
[PlyCount "73"]
[EventDate "2019.07.20"]
[EventType "swiss"]
[EventRounds "10"]
[EventCountry "DEN"]
[SourceTitle "CBM 191 Extra"]
[Source "ChessBase"]
[SourceDate "2019.09.30"]
[SourceVersion "1"]
[SourceVersionDate "2019.09.30"]
[SourceQuality "1"]

1. e4 e6 2. d3 d5 3. Qe2 Be7 4. Nf3 Nf6 5. g3 c5 6. Bg2 Nc6 7. 0-0 b5 8. exd5 exd5 9. d4 c4 10. Bf4 0-0 11. Nbd2 Re8 12. Qd1 Qb6 13. c3 Bf5 14. Re1 Bf8 15. Ne5 Nxe5 16. Bxe5 Rad8 17. Qf3 g6 18. h3 h5 19. Rad1 Ne4 20. Qf4 Nxd2 21. Bc7 Bd6 22. Bxb6 Bxf4 23. Bxd8 Rxd8 24. gxf4 Ne4 25. Bxe4 Bxe4 26. Re3 a5 27. a3 Kg7 28. Rde1 Kf6 29. Kh2 Bf5 30. Re8 Rd7 31. Rb8 Ra7 32. Rxb5 Be6 33. Re5 a4 34. Kg3 Ra6 35. Kh4 Ra8 36. Rb6 Ra7 37. Rxd5 1-0

[Event "Helsingor Xtracon op"]
[Site "Helsingor"]
[Date "2019.07.25"]
[Round "7"]
[White "Bohlin, Jan"]
[Black "Zheng, Jerry Z"]
[Result "1/2-1/2"]
[WhiteElo "1724"]
[BlackElo "1553"]
[PlyCount "50"]
[EventDate "2019.07.20"]
[EventType "swiss"]
[EventRounds "10"]
[EventCountry "DEN"]
[SourceTitle "CBM 191 Extra"]
[Source "ChessBase"]
[SourceDate "2019.09.30"]
[SourceVersion "1"]
[SourceVersionDate "2019.09.30"]
[SourceQuality "1"]

1. c4 e5 2. Nc3 Nf6 3. Nf3 Nc6 4. d4 d6 5. dxe5 Nxe5 6. Nxe5 dxe5 7. Qxd8+ Kxd8 8. Bg5 Be7 9. 0-0-0+ Bd7 10. h3 c6 11. g3 Kc7 12. Bg2 h6 13. Be3 Be6 14. b3 Rhd8 15. Kb2 Rd7 16. Rxd7+ Nxd7 17. g4 f6 18. Ne4 Bf7 19. Rd1 b6 20. a3 h5 21. Nc3 hxg4 22. hxg4 Be6 23. Nb5+ Kb7 24. Nd6+ Kc7 25. Nb5+ Kb7 1/2-1/2

[Event "BCF-ch U12"]
[Site "Hull"]
[Date "2018.08.04"]
[Round "7"]
[White "Zheng, Jerry Z"]
[Black "Hussain, Adam"]
[Result "1-0"]
[WhiteElo "1284"]
[BlackElo "1557"]
[PlyCount "53"]
[EventDate "2018.07.29"]
[EventType "swiss"]
[EventRounds "7"]
[EventCountry "ENG"]
[SourceTitle "CBM 186 Extra"]
[Source "ChessBase"]
[SourceDate "2018.08.24"]
[SourceVersion "1"]
[SourceVersionDate "2018.08.24"]
[SourceQuality "1"]

1. e4 e6 2. d4 b6 3. Bd3 Bb7 4. Nf3 Nf6 5. Qe2 c5 6. c3 Qc7 7. 0-0 Be7 8. Bg5 h6 9. Bh4 c4 10. Bc2 g5 11. Bg3 d6 12. Na3 Qc6 13. Nxc4 Nxe4 14. Bxe4 Qxe4 15. Qxe4 Bxe4 16. Nfd2 Bd3 17. Rfe1 Kd7 18. Re3 Bg6 19. Ree1 Nc6 20. Ne3 Nd8 21. Nec4 Nb7 22. Ne4 f5 23. Nexd6 Nxd6 24. Ne5+ Ke8 25. Nxg6 Rg8 26. Rxe6 Kf7 27. Rxe7+ 1-0

[Event "BCF-ch U12"]
[Site "Hull"]
[Date "2018.08.02"]
[Round "5"]
[White "Zheng, Jerry Z"]
[Black "Roy, Anika Rachna"]
[Result "1/2-1/2"]
[WhiteElo "1284"]
[BlackElo "1231"]
[PlyCount "50"]
[EventDate "2018.07.29"]
[EventType "swiss"]
[EventRounds "7"]
[EventCountry "ENG"]
[SourceTitle "CBM 186 Extra"]
[Source "ChessBase"]
[SourceDate "2018.08.24"]
[SourceVersion "1"]
[SourceVersionDate "2018.08.24"]
[SourceQuality "1"]

1. e4 e5 2. Nf3 Nc6 3. Bc4 Bc5 4. c3 Nf6 5. d3 d6 6. 0-0 Be6 7. Nbd2 0-0 8. b4 Bb6 9. Qb3 Qd7 10. a4 a5 11. b5 Ne7 12. Re1 Ng4 13. d4 exd4 14. cxd4 d5 15. exd5 Bxd5 16. Ba3 Bxc4 17. Qxc4 Rfe8 18. Bc5 Nf5 19. h3 Nf6 20. Ne5 Qd5 21. Bxb6 cxb6 22. Ndf3 Rad8 23. Qxd5 Rxd5 24. Rad1 Red8 25. Ng4 Nxg4 1/2-1/2

[Event "BCF-ch U12"]
[Site "Hull"]
[Date "2018.07.31"]
[Round "3"]
[White "Zheng, Jerry Z"]
[Black "Hirst, Joe"]
[Result "1-0"]
[WhiteElo "1284"]
[BlackElo "1532"]
[PlyCount "35"]
[EventDate "2018.07.29"]
[EventType "swiss"]
[EventRounds "7"]
[EventCountry "ENG"]
[SourceTitle "CBM 186 Extra"]
[Source "ChessBase"]
[SourceDate "2018.08.24"]
[SourceVersion "1"]
[SourceVersionDate "2018.08.24"]
[SourceQuality "1"]

1. e4 c5 2. Nf3 d6 3. d4 cxd4 4. Nxd4 Nf6 5. Nc3 g6 6. Be3 Bg7 7. f3 0-0 8. Qd2 Nc6 9. 0-0-0 Bd7 10. g4 Qa5 11. h4 Rfc8 12. h5 Ne5 13. hxg6 hxg6 14. Bh6 Bh8 15. Bg5 b5 16. Bxb5 Bxb5 17. Rxh8+ Kxh8 18. Bxf6+ 1-0

[Event "BCF-ch U10"]
[Site "Llandudno"]
[Date "2017.08.03"]
[Round "5"]
[White "Zheng, Jerry Z"]
[Black "Mellor, Jessica"]
[Result "1-0"]
[WhiteElo "1427"]
[BlackElo "1172"]
[PlyCount "105"]
[EventDate "2017.07.30"]
[EventType "swiss"]
[EventRounds "7"]
[EventCountry "WLS"]
[SourceTitle "CBM 179 Extra"]
[Source "ChessBase"]
[SourceDate "2017.08.23"]
[SourceVersion "1"]
[SourceVersionDate "2017.08.23"]
[SourceQuality "1"]

1. e4 e5 2. Nf3 Nc6 3. Bc4 Bc5 4. c3 Nf6 5. d4 exd4 6. cxd4 Bb6 7. Nc3 0-0 8. Bg5 Re8 9. 0-0 d6 10. Re1 h6 11. Bh4 Bg4 12. d5 Bxf3 13. Qxf3 Nd4 14. Qd1 Qe7 15. Nb5 Qe5 16. Nxd4 Bxd4 17. Bb5 Bxb2 18. Bxe8 Bxa1 19. Bxf6 Qxf6 20. Bxf7+ Kxf7 21. Qxa1 Qxa1 22. Rxa1 c5 23. dxc6 bxc6 24. Rd1 Rb8 25. f3 Rd8 26. Kf2 Kf6 27. Ke3 g5 28. g3 h5 29. h4 gxh4 30. gxh4 d5 31. exd5 Rxd5 32. Rc1 c5 33. a4 Ke6 34. a5 Kd6 35. f4 Rd4 36. Rc3 Kd5 37. Rd3 Rxd3+ 38. Kxd3 c4+ 39. Kc3 Ke4 40. Kxc4 Kxf4 41. Kb5 Kg4 42. Ka6 Kxh4 43. Kxa7 Kg3 44. Kb6 h4 45. a6 h3 46. a7 h2 47. a8Q Kf2 48. Qh1 Kg3 49. Kc5 Kh3 50. Kd5 Kg3 51. Ke4 Kh3 52. Kf3 Kh4 53. Qxh2+ 1-0

[Event "BCF-ch U10"]
[Site "Llandudno"]
[Date "2017.08.01"]
[Round "3"]
[White "Esiri, Jack"]
[Black "Zheng, Jerry Z"]
[Result "1-0"]
[WhiteElo "1157"]
[BlackElo "1427"]
[PlyCount "49"]
[EventDate "2017.07.30"]
[EventType "swiss"]
[EventRounds "7"]
[EventCountry "WLS"]
[SourceTitle "CBM 179 Extra"]
[Source "ChessBase"]
[SourceDate "2017.08.23"]
[SourceVersion "1"]
[SourceVersionDate "2017.08.23"]
[SourceQuality "1"]

1. e4 e6 2. d4 d5 3. exd5 exd5 4. Nf3 Bd6 5. Be3 Ne7 6. Nbd2 0-0 7. Bd3 Bf5 8. Qe2 Bxd3 9. Qxd3 Ng6 10. 0-0-0 c6 11. h4 b5 12. h5 Nf4 13. Qf5 Nxg2 14. Ng5 g6 15. hxg6 hxg6 16. Qh3 Kg7 17. Qh6+ Kf6 18. Nh7+ Ke7 19. Bg5+ f6 20. Qg7+ Rf7 21. Bxf6+ Ke6 22. Ng5+ Kf5 23. Qxf7 Qc8 24. Be7+ Kg4 25. Qf3# 1-0